Alphabet militaire français - Statistiques

Statistiques générales
  • Ce quiz a été pris 22 fois
  • Le résultat moyen est 13 sur 26
Statistiques - réponses
Lettre Prénom Signification prénom % Correct
D Désiré Est un prénom d'origine arabe et latine venant du mot "Souhaité"
71%
A Anatole Est un prénom d'origine grecque signifiant "Aube, soleil levant"
57%
G Gaston Est un prénom d'origine germanique signifiant "Hôte"
57%
H Henri Est un prénom d'origine germanique signifiant "Maître de maison"
57%
M Marcel Est un prénom d'origine arabe et latine venant du mot "Dédié à Mars (le dieu romain de la guerre)"
57%
P Pierre Est un prénom d'origine grecque signifiant "Rocher"
57%
Q Quintal Est un prénom d'origine latine signifiant "Poids de cent livres"
57%
U Ursule Est un prénom d'origine latine signifiant "Petite ourse"
57%
V Victoire Est un prénom d'origine latine signifiant "Succès"
57%
W William Est un prénom d'origine germanique signifiant "Protection résolue"
57%
B Berthe Est un prénom d'origine germanique signifiant "Brillant"
43%
C Célestine Est un prénom d'origine latine signifiant "Venant du ciel"
43%
E Eugène Est un prénom d'origine grecque signifiant "Noble, bien-né"
43%
F François Est un prénom d'origine latine signifiant "Libre"
43%
I Irma Est un prénom d'origine germanique signifiant "Enorme, majestueux"
43%
J Joseph Est un prénom d'origine hébraïque signifiant "Que Dieu ajoute"
43%
K Kleber Est un prénom originaire d'un dialecte alsacien signifiant "Maçon"
43%
L Louis Est un prénom d'origine germanique signifiant "Glorieux au combat"
43%
N Nicolas Est un prénom d'origine grecque signifiant "Victoire du peuple"
43%
O Oscar Est un prénom d'origine germanique signifiant "Lance/Protecteur des dieux"En vieux norrois il signifie "Ami des cerfs"
43%
R Raoul Est un prénom d'origine germanique signifiant "Loup renommé"
43%
S Suzanne Est un prénom d'origine hébraïque signifiant "Lys"
43%
T Thérèse Est un prénom d'origine grecque signifiant "Habitant de l'île des bêtes sauvages"
43%
X Xavier Est un prénom d'origine basque signifiant "Maison neuve"
43%
Y Yvonne Est un prénom d'origine celte signifiant "Arbuste"
43%
Z Zoé Est un prénom d'origine hébraïque signifiant "Vie, existence"
43%
Aucun quiz correspondant
Distribution des résultats
% des personnes avec chaque résultat
Percentile par nombre de réponses
Votre historique - résultats
Vous n’avez pas pris ce quiz